[Event "Olympiad-42"]
[Site "Baku"]
[Date "2016.09.09"]
[Round "7.4"]
[White "Li, Chao B"]
[Black "Short, Nigel D"]
[Result "0-1"]
[WhiteElo "2746"]
[BlackElo "2666"]
[Annotator "Krasenkow,M"]
[PlyCount "88"]
[EventDate "2016.09.02"]
[EventType "team-swiss"]
[EventRounds "11"]
[EventCountry "AZE"]
[SourceTitle "CBM 175"]
[Source "ChessBase"]
[SourceDate "2016.11.10"]
[SourceVersion "1"]
[SourceVersionDate "2016.11.10"]
[SourceQuality "1"]
[WhiteTeam "China"]
[BlackTeam "England"]
[WhiteTeamCountry "CHN"]
[BlackTeamCountry "ENG"]

1. d4 Nf6 2. c4 e6 3. Nc3 Bb4 4. Nf3 b6 5. e3 Bb7 6. Bd3 O-O 7. Bd2 d5 8. cxd5
exd5 9. O-O Nbd7 10. Rc1 a6 11. Ne5 Re8 (11... Nxe5 12. dxe5 Nd7 {is not quite
enough for equality:} 13. f4 Nc5 14. Bc2 $1 d4 15. Na4 $1 a5 (15... Bxd2 16.
Qxd2 Nxa4 17. Bxa4 dxe3 18. Qxe3 Qd5 19. Rc2 c5 20. Rd2 Qe4 21. Qxe4 Bxe4 22.
Bd7 $16 {1-0 (48) Willmann,B (2120)-Salzmann,S (2103) Lechenicher SchachServer
2014}) 16. Bxb4 axb4 17. Nxc5 bxc5 18. Bb3 Ra5 19. Qd2 Ba6 20. Rfd1 $14 {
1-0 (30) Kolanek,R (2020)-Souply,Y (1526) Lechenicher SchachServer 2011}) (
11... Bd6 12. f4 c5 13. Qf3 {is quite dangerous for Black, too, e.g.} b5 14.
Be1 (14. Qh3 g6 15. Nxd7 Nxd7 16. f5 Be7 17. fxg6 hxg6 18. dxc5 Nxc5 19. Bb1 {
1-0 (38) Smyslov,V-Bisguier,A Moscow 1955} b4 20. Ne2 a5 $13) 14... c4 15. Bb1
b4 16. Ne2 Rb8 17. Bh4 Qc7 18. Ng3 Rfe8 19. Nf5 Bf8 20. Qg3 $40 {1/2 (43)
Karnaukh,A (2225)-Taborov,B (2450) Kiev 2002}) ({Or} 11... Qe7 12. f4 c5 13. a3
Bxc3 14. Bxc3 Rfd8 15. Qf3 Nf8 16. Qh3 c4 17. Bb4 Qe8 18. Bc2 b5 19. g4 $40 {
1-0 (47) Parligras,M (2599)-Laznicka,V (2668) Gjakova 2016}) {Nigel Short's
idea is to strengthen his kingside by ...Nd7-f8. However, White keeps good
attacking chances anyway. The whole line is rather favorable for him.} 12. f4
Nf8 (12... c5 13. Be1 (13. Bf5 $5 cxd4 14. exd4 Bxc3 15. Rxc3 g6 16. Bxd7 Nxd7
17. Rg3 Bc8 18. Nxd7 Bxd7 19. f5 $40 {1/2 (37) Vezzosi,P (2362)-Sellitti,F 
(2124) Turin 2006}) 13... cxd4 14. exd4 Be7 15. a4 Nf8 16. Qf3 Ne6 17. Bf2 Bb4
18. Be3 $5 {[%cal Yf4f5]} (18. f5 Ng5 19. Qf4 h6 20. Bh4 {0-1 (42) Tikkanen,H 
(2550)-Naiditsch,A (2685) Stockholm 2010} Bd6 21. Rce1 Qc7 $13)) 13. Be1 c5 14.
Bh4 c4 15. Bc2 b5 16. g4 $6 ({It was better to start with} 16. Rf3 $40 {
[%cal Yf3h3]}) 16... Qb6 17. g5 Ne4 18. Nxe4 dxe4 19. Qe2 Bd5 {Black's
position is now quite solid.} 20. Qg2 Qb7 21. f5 Nd7 22. Ng4 Kh8 23. Bg3 Rac8
24. Qh3 (24. f6 g6 $13) 24... f6 $1 25. g6 Nf8 {Black safely protects his
kingside and can start his queenside counterplay.} 26. Rf2 Rc6 27. Rcf1 a5 28.
Rg2 a4 29. Rf4 $6 (29. Nh6 $1 {[%cal Yh6f7] was a better chance. White is
ready to sacrifice a pawn (Nh6-f7+) but get rid of Black's powerful d5-bishop.}
gxh6 $140 $2 30. Be1 $1 {[%cal Re1b4,Rg6g7]}) 29... c3 30. bxc3 Bxc3 31. Bh4
Qb6 (31... Re7 $142 {, and} 32. Bxf6 gxf6 33. Qh4 {is not killing:} Rg7 34.
Nxf6 Be1 $1 35. Qg5 Rxc2 $1 36. Rxc2 Nxg6 $1 37. Rg4 $1 Bh4 $1 38. Qh6 Bxf6 39.
Rxg6 Rxg6+ 40. fxg6 Qg7 {parrying the attack and keeping the better prospects.}
) 32. gxh7 Re7 {Now it is less good due to White's strong reply.} (32... Nd7 $5
$13) 33. Ne5 $1 fxe5 $2 {[%mdl 64] The position is extremely complicated, and
both players were probably under time pressure; hence a lot of mistakes.} (
33... Rd6 34. Ng6+ Nxg6 35. fxg6 $13) 34. Bxe7 $2 (34. f6 $1 gxf6 35. Bxe4 $1
$18) 34... exf4 35. Bxf8 Bxd4 $1 36. Qg4 $2 (36. f6 $1 {still lead to a draw:}
Bxf6 37. Qd7 Qxe3+ 38. Kh1 {[%cal Rf8g7,Rd7d5]} Qd4 (38... Qe1+ 39. Rg1 Qc3 40.
Qxd5 Qf3+ $11) 39. Qe8 Qa1+ (39... Kxh7 40. Bd6 $1 Rxd6 41. Qh5+ $11) 40. Rg1
e3+ 41. Be4 Bxe4+ 42. Qxe4 Rc1 43. Bxg7+ Bxg7 44. Qe8+ $11) 36... Rc7 37. Qh5
f3 38. Rg4 Be5 $4 (38... Bxe3+ 39. Kh1 Qd4 $19) 39. Bc5 $4 (39. Qe8 Qxe3+ 40.
Kh1 Qe1+ 41. Rg1 {, and now Black must find the only way to survive:} Kxh7 $3
42. Bc5 $1 (42. Rxe1 $4 f2 $19) 42... f2 43. Qh5+ $11) 39... Qh6 40. Qe8+ Kxh7
41. Qxe5 Rxc5 {All threats have been parried, and Black wins.} 42. Qe7 f2+ 43.
Kg2 Bc4 44. Kxf2 Qxh2+ 0-1

[Event "Tata Steel-A 78th"]
[Site "Wijk aan Zee"]
[Date "2016.01.18"]
[Round "3"]
[White "Caruana, Fabiano"]
[Black "Adams, Michael"]
[Result "1-0"]
[WhiteElo "2787"]
[BlackElo "2744"]
[Annotator "Krasenkow,M"]
[PlyCount "127"]
[EventDate "2016.01.16"]
[EventType "tourn"]
[EventRounds "13"]
[EventCountry "NED"]
[EventCategory "20"]
[SourceTitle "CBM 171"]
[Source "ChessBase"]
[SourceDate "2016.03.14"]
[SourceVersion "2"]
[SourceVersionDate "2016.03.14"]
[SourceQuality "1"]

1. d4 Nf6 2. c4 e6 3. Nc3 Bb4 4. Nf3 b6 5. e3 Bb7 6. Bd3 O-O 7. O-O d5 8. cxd5
exd5 9. Ne5 Nbd7 10. f4 {The so-called "Pillsbury setup".} c5 11. Ne2 {White
brings another knight to the kingside and leaves Black's b4-bishop
"empty-handed".} (11. Bd2 {[%cal Yd2e1,Ye1h4] is simpler and frequently played
but in that case Black can reply} Ne4) 11... c4 {An aggressive, double-edged
continuation.} ({The solid} 11... cxd4 {was played in the stem game
Jussupow-Timman (see below). Still, White keeps a tiny edge in that case,
mostly due to the poor position of Black's d7-knight:} 12. exd4 Be7 (12... a6
13. Ng3 Re8 14. Be3 Bf8 15. h4 (15. a4 $1 $14) 15... b5 16. h5 Rc8 17. Qf3 Rc7
18. Rad1 Ne4 $1 $13 {1/2 (44) Jussupow,A (2605)-Timman,J (2630) Linares 1991
CBM 022 [Schussler]}) (12... Ne4 13. Qa4 Nxe5 14. fxe5 $14 Be7 15. Nf4 (15. Ng3
$5) 15... Bg5 16. Qb3 Rc8 17. Be3 Kh8 18. Rae1 Bxf4 19. Rxf4 Qe7 {1/2 (20)
Giffard,N (2353)-Moskalenko,V (2543) Banyoles 2006}) (12... Bd6 13. Ng3 Ne4 14.
Nf5 Ndf6 15. g4 Bc8 16. Ne3 $36 Bxe5 $6 17. fxe5 Ne8 18. Qf3 Bb7 19. b3 $16 {
1-0 (24) Vaisser,A (2540)-Hohler,P (2218) Kamena Vourla 2012}) 13. Ng3 (13. Be3
Ne4 14. Rc1 Ndf6 15. Qb3 Bd6 16. Ng3 Nxg3 17. hxg3 Qe7 18. Rc2 Rfc8 19. Rfc1 g6
$11 {1/2 (45) Lysyj,I (2684)-Efimenko,Z (2641) Bilbao 2014}) 13... Ne4 14. Nf5
Bf6 15. Qg4 Kh8 16. Bxe4 dxe4 17. Nd6 Bd5 {1/2 (31) Danner,G (2415)-Biro,A 
(2395) Budapest 1985} 18. Qxd7 Bxe5 19. Nxf7+ Rxf7 20. Qxd8+ Rxd8 21. dxe5 $14)
12. Bf5 (12. Bc2 b5 13. b3 (13. Bd2 Be7 14. Ng3 Re8 15. Qf3 Bf8 16. Rac1 Nb6
17. Ba5 Ne4 $132 {0-1 (36) Iljiushenok,I (2422)-Shimanov,A (2549) Moscow 2012})
13... Nb6 14. Rb1 Qe7 $13 (14... Be7 $143 15. bxc4 bxc4 16. a4 Qc7 17. Nc3 Nc8
18. Nb5 Qd8 19. Rf3 a6 20. Nc3 Nd6 21. Rh3 $40 {0-1 (53) Georgiev,V (2554)
-Rosen,E (2414) Saint Louis 2015})) 12... g6 ({The immediate} 12... b5 {
was quite good, too:} 13. b3 Nb6 14. Rb1 Qd6 15. Ng3 Rfe8 16. Qc2 Bc8 17. bxc4
Nxc4 $11 18. e4 $2 dxe4 19. Nxc4 bxc4 20. Qxc4 a5 {0-1 (26) Gschnitzer,O (2475)
-Piskov,Y (2520) Germany 1993}) 13. Qa4 {That was probably White's idea behind
12.Bf5. However, Black obtains a good position after the bishop exchange.} ({
In the event of} 13. Bc2 {White's previous move doesn't make much sense:} b5
14. f5 $6 Bd6 $1 {is favourable for Black.}) 13... gxf5 14. Qxb4 Ne4 15. a4 f6
16. Nf3 Nb8 $1 {[%mdl 32] Finally activating this knight.} 17. Qe1 Nc6 18. Bd2
Kh8 19. Nh4 Qd7 20. Nc3 {White must get rid of Black's strong knight.} Rae8 21.
Nxe4 Rxe4 {Black's position is more active but it is not easy to break up
White's defences. Black's doubled f-pawns complicate his task.} 22. Qd1 Rg8 23.
Qh5 Bc8 24. Rf3 Qe8 25. Qh6 Qf7 26. b4 $6 {White anticipates Black's plan ...
a7-a6, ...b6-b5 etc. and tries to seal the queenside. However, this plan has a
tactical drawback.} Ne7 {[%cal Rg8g7,Re7g8]} ({Of course, after} 26... cxb3 27.
Rb1 {[%cal Yb1b3] the opening of the c-file is a big plus for White.}) 27. Rh3
Rg4 ({Black misses a good moment to play} 27... c3 $1 28. Bc1 (28. Bxc3 $2 Rg4
29. Nf3 Ng8 30. Qh5 Qxh5 31. Rxh5 Rxe3) (28. Be1 Bd7 29. Rc1 Rg7 30. Nf3 Rxe3)
28... Bd7 $15 {[%cal Yg8c8] , and the c3-pawn will play an important role.})
28. Nf3 Bd7 ({Now after} 28... c3 29. Bc1 {the c3-pawn is rather vulnerable,
and White obtains counterplay, e.g.} Bd7 (29... Ng8 30. Qh5 Qxh5 31. Rxh5 Rg7 {
[%cal Yg7c7]} 32. Nh4) 30. Ra3 Be8 {[%cal Re7g8]} 31. Rg3 Ng8 32. Qh3 {[%cal
Gh3f5]}) 29. Kf2 Be8 30. Rg3 Ng8 31. Qh3 Bd7 32. b5 Re8 33. Ng1 {White starts
improving his position. When his knight comes to c3, a4-a5 will be possible.
Black parries that idea.} a5 34. bxa6 $1 ({Of course, otherwise White is
completely passive, and Black can do whatever he wants, e.g.} 34. Ne2 Ne7 {
[%cal Ye7c8,Yc8d6]}) 34... Ra8 35. Ne2 Rxa6 36. Bb4 Kg7 {A careless move.
Black was still out of danger after} (36... b5 $1 37. a5 Ne7 {, and White
defends carefully by} 38. Be1 Nc6 39. Rb1) 37. Nc3 h5 $6 {This pawn will be
vulnerable.} (37... Nh6 $11) 38. Kg1 (38. Rf3 $5) 38... Nh6 $6 {Black misses a
tactical opportunity:} (38... Bxa4 $1 39. Rxa4 (39. Nxa4 $2 Qe8) 39... Rxa4 40.
Nxa4 Qa7 41. Nc3 $1 Qa1+ 42. Kf2 Qb2+ 43. Ne2 Qxb4 44. Qxh5 $13) 39. Rf3 $1 {
This rook joins White's queenside action while Black can't achieve anything on
the kingside.} Ra8 $6 ({Solid defence like} 39... Bc6 40. Rf2 Qe8 {was
required.}) 40. Rf2 Kh7 41. Qf3 Bc6 42. Rb2 h4 43. Ba3 Rag8 44. Kh1 Ba8 45. Rg1
{Black's attack is over.} Qe6 46. Rb5 R4g7 47. Bc1 Rg6 48. Bd2 R8g7 49. Rb2 Nf7
50. h3 Rg3 51. Qh5+ Nh6 52. Qxh4 {The ill-fated pawn has fallen, and White
converts his advantage.} Qg8 53. Be1 R3g6 (53... Rxe3 54. Rxb6) 54. Qh5 (54.
Rxb6 $142 $1 Rxg2 55. Rxg2 Rxg2 56. Bf2 $18 {but the text move finally leads
to a victory, too.}) 54... Re7 55. Bf2 Reg7 56. Qf3 Qd8 57. Bh4 Qd6 58. Rgb1
Qa3 59. Be1 Qe7 60. g3 Nf7 61. Rxb6 Rh6 62. Ra6 Qe8 63. Kg2 Qc8 64. Rbb6 1-0

[Event "EU-Cup 31st"]
[Site "Skopje"]
[Date "2015.10.21"]
[Round "4.5"]
[White "Rodshtein, Maxim"]
[Black "Wang, Yue"]
[Result "0-1"]
[WhiteElo "2673"]
[BlackElo "2724"]
[Annotator "Krasenkow,M"]
[PlyCount "176"]
[EventDate "2015.10.18"]
[EventType "team-swiss"]
[EventRounds "7"]
[EventCountry "MKD"]
[SourceTitle "CBM 169"]
[Source "ChessBase"]
[SourceDate "2015.11.10"]
[SourceVersion "1"]
[SourceVersionDate "2015.11.10"]
[SourceQuality "1"]
[WhiteTeam "Mednyi Vsadnik"]
[BlackTeam "Siberia"]
[WhiteTeamCountry "RUS"]
[BlackTeamCountry "RUS"]

1. d4 Nf6 2. c4 e6 3. Nc3 Bb4 4. e3 O-O 5. Bd3 d5 6. Nf3 b6 7. O-O Bb7 8. cxd5
exd5 9. a3 Bd6 10. b4 Nbd7 (10... a6 {is the main line in this popular system.
However, GM Wang Yue plays that on his next move, which leads to a mere
transposition.}) 11. Qb3 a6 12. a4 c6 (12... Qe7 13. Ba3 {etc. is usually
played. The idea of the text move is to shut down the queenside by means of ...
b6-b5.}) 13. a5 {Encouraging Black to play ...b6-b5, White prevents the future
...Nd7-b6-c4.} (13. Bb2 $6 Qe7 (13... b5 14. Rfe1 $5 {[%cal Ye3e4]}) 14. b5
axb5 15. axb5 c5 16. Bf5 g6 17. Bh3 Rfe8 18. dxc5 bxc5 19. Bxd7 Qxd7 20. Na4
Qf5 $36 {1-0 (42) Arnaudov,P (2485)-Nikolov,M (2562) Sunny Beach 2012}) (13.
Rb1 Qe7 14. Bf5 g6 15. Bh3 b5 16. axb5 axb5 17. Ng5 Nb6 $15 {0-1 (41) Pavlovic,
M (2480)-Huzman,A (2475) Vrnjacka Banja 1991}) (13. e4 dxe4 14. Nxe4 Nxe4 15.
Bxe4 h6 (15... Nf6 16. Bg5 h6 17. Bxf6 Qxf6 18. b5) 16. Bd2 Nf6 17. Bc2 c5 18.
bxc5 Bd5 19. Qa3 (19. Qxb6 Bc7 20. Qb2 Bxf3 21. gxf3 Nd5 $44) 19... bxc5 20.
dxc5 Bxc5 21. Qxc5 Rc8 22. Qa3 Rxc2 $15 {1/2 (23) Vaisser,A (2513)-Hamdouchi,H
(2596) France 2009}) 13... b5 14. Ba3 ({Here, too,} 14. e4 {doesn't bring
White any benefit:} dxe4 15. Nxe4 (15. Bxe4 h6 16. Bb2 Nd5 17. Nxd5 cxd5 18.
Bf5 Nf6 19. Rac1 Ne4 $36 {1-0 (41) Polgar,Z (2520)-Schandorff,L (2455)
Vejstrup 1989}) 15... Nxe4 16. Bxe4 h6 $5 (16... Nf6 17. Bc2 (17. Bg5 h6 18.
Bxf6 Qxf6 19. Rfe1 Rfe8 $11) 17... Nd5 (17... Bc8 $1 {[%cal Yc8e6]}) 18. Bd2
Re8 19. Rae1 Rxe1 20. Rxe1 Qf8 21. Ng5 $36 {1-0 (53) Gligoric,S (2520)-Ionescu,
C (2495) Sochi 1986}) 17. Bd2 Nf6 18. Bd3 Re8 19. Rfe1 Qc7 20. h3 Rad8 21. Rac1
Bc8 22. Qc3 Rxe1+ 23. Rxe1 Nd5 24. Qb2 Be6 $11 {0-1 (53) Kovalenko,I (2556)
-Alekseev,E (2677) St Petersburg 2012}) 14... Re8 15. Nd2 {[%mdl 32] White
prepares f2-f4, rather than e3-e4. However, Black has enough time to rearrange
his pieces.} Nf8 16. Rae1 Bc8 $1 17. f4 (17. Qb1 Ne6 (17... Ng4 $5 $13) 18. f4
g6 19. Nf3 Ng7 20. Ne5 Bf5 21. Rc1 Rc8 22. Nd1 {1-0 (33) Jakovenko,D (2733)
-Vishnu,P (2463) Caleta 2015 ; here Black should have played} Bxd3 23. Qxd3 Ne4
24. Nxc6 Qd7 {with an excellent position for the pawn.}) 17... Ng4 18. Nd1 Nh6
19. Qc2 Bd7 20. Nf3 f6 21. Nf2 Qc8 {[%cal Yd7f5]} 22. Nh4 Re7 23. g3 Qc7 24. e4
{White decides on a break in the centre but it was probably better to bring
his a3 bishop into play:} (24. Qc3 Rae8 25. Bc1) 24... dxe4 25. Nxe4 Rae8 $2 {
Obvious but poor.} (25... Bh3 $1 26. Ng2 Rae8 $15) 26. Ng2 $2 (26. f5 $1 Nf7
27. Qb3 {[%cal Ya3b2,Ya3c1] was a way to exploit Black's inaccuracy. Black's
d7-bishop remained passive, and White obtained a clear plus.}) 26... Bh3 $15
27. Rc1 (27. Nf2 $142 Be6 28. Qc3 {[%cal Ya3c1]}) 27... Qd8 $6 (27... Ng4 $1
$36 {was correct} 28. Qxc6 $140 Qxc6 29. Rxc6 Rxe4 30. Bxe4 (30. Rxd6 $144 Re2
$1 31. Bxe2 Rxe2) 30... Rxe4 31. Rxd6 Re2 32. Nh4 g5 $1 33. fxg5 fxg5 34. Rd8
Bxf1 35. Kxf1 Rxh2 36. Ng2 Rh1+ 37. Ke2 Ra1 $19 {Black probably failed to
calculate this line to the end.}) 28. Qxc6 (28. Nf2 $5 Bxg2 29. Kxg2 Ne6 $1 30.
Bxh7+ Kh8 31. Be4 (31. Rcd1 Nxf4+ 32. gxf4 Re2 33. Qg6 f5) 31... Nxd4 32. Qd3
f5 $1 33. Bxc6 Bxf4 34. Bxe8 Bxc1 35. Bxc1 Rxe8 $13) 28... Bb8 29. Bb2 Nf5 30.
Nf2 Bxg2 31. Qxg2 Ne3 {Black wins an exchange for a pawn but White keeps the
bishop pair and therefore compensation.} 32. Qc6 Re6 33. Qb7 Nxf1 34. Kxf1 (34.
Bxf1 $5 {[%cal Yf2d3]}) 34... Qd6 35. Rc5 R6e7 36. Qc6 Ne6 37. Qxd6 $2 (37. Ne4
$1 {was correct. The activation of Black's bishop becomes an important factor
now.}) 37... Bxd6 38. Rc6 Bxb4 39. Rxa6 Nc7 40. Ra7 Nd5 41. Rxe7 Rxe7 {[%mdl
4096]} 42. Bxb5 Ne3+ 43. Kg1 Bxa5 44. Nd3 Rb7 45. Ba4 Nc4 46. Bc1 Bb6 47. Bc6
Bxd4+ {Black has regained a pawn and gradually converts his material advantage.
} 48. Kg2 Rc7 49. Bd5+ Kh8 50. Kf3 g6 51. g4 Kg7 52. Be6 Bc3 53. Ke2 Nb2 54.
Be3 Nxd3 55. Kxd3 Bb2 56. Bf2 Rc6 57. Bc4 Rd6+ 58. Ke4 Rd2 59. Kf3 Bd4 60. Bg3
Rc2 61. Be6 Bc5 62. f5 g5 63. h4 Rc3+ 64. Kg2 gxh4 65. Bxh4 Bd6 66. Be1 Rd3 67.
Bf2 Kf8 68. Bh4 Be5 69. Bf2 Ke7 70. Bc5+ Bd6 71. Bf2 h6 72. Bc4 Ra3 73. Bd5 Rc3
74. Bf3 Be5 75. Bb6 Rc2+ 76. Kf1 Bf4 77. Bd4 Bg5 78. Bf2 Kd6 79. Be4 Rc1+ 80.
Kg2 Ke5 81. Bf3 Rc2 82. Kf1 Kf4 83. Be2 Ke4 84. Bb6 Be3 85. Ba5 Kf4 86. Bd1 Rc1
87. Ke2 $2 {[%mdl 8192]} (87. Ke1 {was more stubborn. Here is a possible way
for Black to make progress:} Ke4 88. Ke2 Bg5 89. Bb6 Ra1 90. Bf2 Kf4 91. Kd2
Ra2+ 92. Ke1 Ke4 93. Kf1 Be3 94. Bh4 Bd4 {[%cal Ya2d2] etc.}) 87... Kxg4 88.
Bd8 Kxf5 0-1